<?xml version="1.0" encoding="UTF-8"?>
<record
    xmlns:xsi="http://www.w3.org/2001/XMLSchema-instance"
    xsi:schemaLocation="http://www.loc.gov/MARC21/slim http://www.loc.gov/standards/marcxml/schema/MARC21slim.xsd"
    xmlns="http://www.loc.gov/MARC21/slim">

  <leader>00516nam a2200169Ia 4500</leader>
  <controlfield tag="008">260520s2024    xx            000 0 und d</controlfield>
  <datafield tag="020" ind1=" " ind2=" ">
    <subfield code="a">978-81-962992-8-6</subfield>
  </datafield>
  <datafield tag="041" ind1=" " ind2=" ">
    <subfield code="a">mar</subfield>
  </datafield>
  <datafield tag="082" ind1=" " ind2=" ">
    <subfield code="a">641.331/BAN</subfield>
  </datafield>
  <datafield tag="100" ind1=" " ind2=" ">
    <subfield code="a">&#x92C;&#x928;, &#x92F;&#x94B;&#x917;&#x947;&#x936;</subfield>
  </datafield>
  <datafield tag="245" ind1=" " ind2=" ">
    <subfield code="a">&#x92D;&#x930;&#x921;&#x927;&#x93E;&#x928;&#x94D;&#x92F; - &#x92A;&#x94C;&#x937;&#x94D;&#x91F;&#x93F;&#x915; &#x924;&#x943;&#x923;&#x927;&#x93E;&#x928;&#x94D;&#x92F;</subfield>
  </datafield>
  <datafield tag="250" ind1=" " ind2=" ">
    <subfield code="a">1st ed</subfield>
  </datafield>
  <datafield tag="260" ind1=" " ind2=" ">
    <subfield code="a">&#x915;&#x94B;&#x932;&#x94D;&#x939;&#x93E;&#x92A;&#x941;&#x930;</subfield>
    <subfield code="b">&#x924;&#x947;&#x91C;&#x938; &#x92A;&#x94D;&#x930;&#x915;&#x93E;&#x936;&#x928;</subfield>
    <subfield code="c">2024</subfield>
  </datafield>
  <datafield tag="300" ind1=" " ind2=" ">
    <subfield code="a">132p.</subfield>
  </datafield>
  <datafield tag="500" ind1=" " ind2=" ">
    <subfield code="a">Cat No: 15183</subfield>
  </datafield>
  <datafield tag="650" ind1=" " ind2=" ">
    <subfield code="a">HOME ECONOMICS</subfield>
  </datafield>
  <datafield tag="999" ind1=" " ind2=" ">
    <subfield code="c">1221909</subfield>
    <subfield code="d">1221909</subfield>
  </datafield>
  <datafield tag="952" ind1=" " ind2=" ">
    <subfield code="0">0</subfield>
    <subfield code="1">0</subfield>
    <subfield code="4">0</subfield>
    <subfield code="7">0</subfield>
    <subfield code="8">C</subfield>
    <subfield code="a">PKS</subfield>
    <subfield code="b">PKS</subfield>
    <subfield code="c">2</subfield>
    <subfield code="d">2026-04-17</subfield>
    <subfield code="e">Bharati Madhyavarti Sahakari Grahak Bhandar, Pune (Tejas Prakashan, Kolhapur)</subfield>
    <subfield code="g">200.00</subfield>
    <subfield code="l">0</subfield>
    <subfield code="o">641.331/BAN</subfield>
    <subfield code="p">PKS-25281</subfield>
    <subfield code="r">2026-05-20 00:00:00</subfield>
    <subfield code="w">2026-05-20</subfield>
    <subfield code="y">BK</subfield>
    <subfield code="z">General book section</subfield>
  </datafield>
</record>
